| 000 | 00842nam a2200241Ia 4500 | ||
|---|---|---|---|
| 003 | OSt | ||
| 005 | 20220926005246.0 | ||
| 006 | a|||||r|||| 00| 0 | ||
| 007 | ta | ||
| 008 | 220923b |||||||| |||| 00| 0 eng d | ||
| 020 |
_a8178298337 _c722.5 |
||
| 037 |
_b09-00473, 30/04/2009, Atlantic Publisher & Distributers _cGeneral Book |
||
| 040 |
_aRTL _cRTL _beng |
||
| 041 |
_2eng _aeng |
||
| 082 | _aV2:3(W61), P8 | ||
| 100 |
_aRaghuran Parvati etc Ed. _9309946 |
||
| 245 | 0 |
_aTracing on Indian diaspora _b Contests, memories, representation |
|
| 260 |
_a New Delhi _bSage Publishers _c2008 |
||
| 300 |
_axiii, 467p. _ccm. |
||
| 650 |
_aINDIAN DEMOCRACY _9309947 |
||
| 942 |
_hV2:3(W61), P8 _cGB _2CC |
||
| 999 |
_c613324 _d613324 |
||